Sopa china [juego] /

Guardado en:
Formato: Objeto Físico
Publicado: Argentina : Ruibal, [201?]
Materias:
Etiquetas: Agregar Etiqueta
Sin Etiquetas, Sea el primero en etiquetar este registro!
LEADER 00666nrm a22001575g 4500
001 CEM.cems019279
008 130507b201?##################0###0#####d
005 20220830105639.0
003 CEMS
245 0 0 |a Sopa china [juego] /  |c Ruibal 
260 |a Argentina :  |b Ruibal,  |c [201?] 
300 |a 1 juego (56 cartas, 1 timbre) ; en caja 19 x 24 x 6 cm. + manual de instrucciones 
500 |a Para 2 a 4 jugadores a partir de 5 años objetivo: ser el primero en tocar el timbre al descubrir 5 vegetales idénticos sobre la mesa de juego y conseguir las 56 cartas del mazo. 
082 0 4 |a J795.4 
653 |a 1. juegos de cartas 
859 |a CEMS  |b BIB. CEMS - Ludoteca  |h J795.4  |i R858  |p 429.15  |t Ej.1